|
|
|
|
| LEADER |
00893nta a2200169 i 4500 |
| 001 |
dipl69056 |
| 005 |
20170612110143.0 |
| 008 |
170608s2016 hu om 0|| zxx d |
| 040 |
|
|
|a SZTE Diploma Repozitórium
|b hun
|
| 041 |
|
|
|a zxx
|
| 100 |
1 |
|
|a Csikós Nándor
|
| 245 |
1 |
2 |
|a A felszínborítás és a tájmintázat, valamint a mezei pacsirta (Alauda arvensis) denzitás és frekvencia viszonyai közti kapcsolat statisztikai vizsgálata
|h [elektronikus dokumentum] /
|c Nándor Csikós
|
| 246 |
1 |
0 |
|a Statistical analysis of the relationship between land cover and landscape metrics together with the density and the frequency data of the skylark (Alauda arvensis)
|h [elektronikus dokumentum]
|
| 260 |
|
|
|c 2016
|
| 650 |
|
4 |
|a Természettudományok
|
| 700 |
1 |
|
|a Szilassi Péter
|e ths
|
| 856 |
4 |
0 |
|u http://diploma.bibl.u-szeged.hu/id/eprint/69056/1/2016_Csik%C3%B3s_N%C3%A1ndor_CSNTACT_SZE_SZ.pdf
|z Dokumentum-elérés
|